Premier Leauge Teams 2022/23 - Statistiken

Allgemein
  • Dieses Quiz wurde 92 mal gespielt
  • Das Durchschnittsergebnis liegt bei 11 aus 20
Antwortstatistiken
Antwort % Korrekt
Manchester City
96%
Manchester United
95%
Arsenal
89%
Chelsea
89%
Liverpool
85%
Leicester City
65%
Newcastle United
61%
West Ham United
60%
Leeds United
54%
Everton
49%
Aston Villa
43%
Southampton
40%
Fulham
38%
Tottenham Hotspurs
38%
Brighton & Hove Albion
34%
Bournemouth
30%
Crystal Palace
29%
Nottingham Forest
29%
Wolverhampton Wanderers
27%
Brendtford
0%
Keine übereinstimmenden Quizze gefunden
Verteilung der Resultate
Anzahl Personen mit jedem Resultat
Perzentil nach korrekt beantworteten Fragen
Ihre Resultats-Entwicklung
Sie haben dieses Quiz noch nicht gespielt